| 000 | 00456nam a22001817a 4500 | ||
|---|---|---|---|
| 005 | 20240806105746.0 | ||
| 008 | 240806b |||||||| |||| 00| 0 eng d | ||
| 020 | _a0-400032-45475-3 | ||
| 082 |
_a330.0954 _bAHS-E |
||
| 100 | _aAhsan Khan | ||
| 245 |
_aEconomics of Pakistan/ _cAhsan Khan |
||
| 250 | _a7th ed. | ||
| 260 |
_aLahore; _bIlmi Book House; _c2013. |
||
| 300 |
_a304 p.: _c23.5 cm. |
||
| 650 | _aSocial Sciences | ||
| 999 |
_c36299 _d36299 |
||